WAIS-IV: Escala Wechsler de inteligencia para adultos. Manual de administración y corrección, versión estandarizada en Chile
Պահպանված է:
| Ձևաչափ: | Գիրք |
|---|---|
| Լեզու: | իսպաներեն |
| Հրապարակվել է: |
Santiago
CONICYT
2013
Santiago Pontificia Universidad de Chile 2013 |
| Հրատարակություն: | 2a. ed |
| Խորագրեր: | |
| Ցուցիչներ: |
Ավելացրեք ցուցիչ
Չկան պիտակներ, Եղեք առաջինը, ով նշում է այս գրառումը!
|
MARC
| LEADER | 00000cam a2200000 a 4500 | ||
|---|---|---|---|
| 001 | UCD6732 | ||
| 003 | CL-VaPUC | ||
| 005 | 20250502114507.0 | ||
| 008 | 170113e20130000cl |||||||||||||||||spa|d | ||
| 999 | |c 366921 |d 366919 | ||
| 020 | |a 9789561413641 | ||
| 040 | |c Pontificia Universidad Católica de Valparaíso | ||
| 082 | 0 | 4 | |a 153.93 |b WAI |2 21 |
| 245 | 1 | 0 | |a WAIS-IV: Escala Wechsler de inteligencia para adultos. Manual de administración y corrección, versión estandarizada en Chile |
| 250 | |a 2a. ed | ||
| 260 | |a Santiago |b CONICYT |c 2013 | ||
| 260 | |a Santiago |b Pontificia Universidad de Chile |c 2013 | ||
| 300 | |a 291 p | ||
| 500 | |a El bolso contiene el test completo | ||
| 500 | |a Manual acompañado por: | ||
| 500 | |a 4. Cuaderno de estímulos 1: Construcción con cubos, matrices de razonamiento, Aritmética, Rompecabezas visuales | ||
| 500 | |a 5. Cuaderno de Estímulos 2: Balanzas, Figuras incompletas, Vocabulario | ||
| 500 | |a 6. Cuaderno de Estímulos 3: Analogías, Vocabulario, Aritmética, Información, Comprensión | ||
| 500 | |a 7. Plantilla de Corrección: búsqueda de símbolos | ||
| 500 | |a 8. Bolsito con 9 cubos bicolor rojos y blanco, para ítem construcción con cubos | ||
| 500 | |a 9. 1 cronómetro | ||
| 500 | |a 10. 10 ejemplares de protocolo de Registro | ||
| 500 | |a 11. 10 cuadernillos de Respuestas 1, 10 cuadernillos de Respuestas 2 | ||
| 583 | |a last modification |c 20171115 01:39:58 |k Rodrigo Vera | ||
| 650 | 0 | |a Test de inteligencia |9 309025 | |
| 650 | 0 | |a Adultos |9 335034 | |
| 650 | 0 | |a Tests psicológicos |9 308644 | |
| 942 | |c BK |2 ddc | ||
| 945 | |d 20170113 07:29:00 |a dcastane | ||
| 952 | |0 0 |1 0 |2 ddc |3 erd |4 0 |6 153_930000000000000_WAI_2013_2013 |7 0 |8 R |9 481563 |a BIBEDU |b BIBEDU |i 5359945 |l 28 |m 4 |o 153.93 WAI 2013 2013 |p 5359945 |r 2025-04-25 |s 2025-04-23 |w 2019-11-24 |y BK_R |z Catalogado en:20170113 |k PSI | ||